Reprezentacje grające w Inazuma Eleven - Statystyki

Ogólne statystyki
  • Ten quiz został rozwiązany 168 razy
  • Średni wynik to 12 z 18
Statystyki odpowiedzi
Nazwa reprezentacji Państwo % Poprawnych
Inazuma Japan Japonia
99%
Knights of Queen Anglia
96%
Unicorn Stany Zjednoczone
94%
Orpheus Włochy
93%
Fire Dragon Korea Południowa
90%
The Kingdom Brazylia
89%
The Empire Argentyna
86%
Red Matador Hiszpania
83%
Big Waves Australia
81%
Rose Griffon Francja
70%
Desert Lion Katar
67%
Little Gigant Kongo
60%
Brockenborg Niemcy
60%
Last Emperor Chiny
46%
The Barracuda Arabia Saudyjska
39%
Red Viper Uzbekistan
26%
The Great Horn Republika Południowej Afryki
24%
Southern Cross Tajlandia
21%
Nie znaleziono quizów pasujących do podanych kryteriów
Rozkład punktacji
Procent ludzi z każdym wynikiem
Percentyl według liczby udzielonych odpowiedzi
Twoja historia wyników
Nie rozwiązałeś tego quizu